Statistics for Thirty Years' War

Click here to take the quiz!

General Stats

  • This quiz has been taken 33 times
  • The average score is 9 of 15

Answer Stats

QuestionAnswer% Correct
Kingdom of the Holy Roman Empire where the war startedBohemia
90%
Leading Duchy within the Catholic LeagueBavaria
83%
Country fighting Spain in the Eighty Years' WarNetherlands
79%
Capital of the Holy Roman EmpireVienna
79%
Mighty king of Sweden who participated in the warGustavus Adolphus
76%
Electorate ruled by John George IISaxony
76%
Electorate ruled by Frederick VThe Palatinate
69%
Electorate, whose ruler is called a MargraveBrandenburg
66%
Famous French prime minister during the warCardinal Richelieu
55%
Dynasty which ruled Spain, Naples, Austria, etc.Habsburgs
52%
An Ottoman vassal state which fought the ImperialsTransylvania
52%
Its rulerMaximilian I
28%
Peace treaty ending the warTreaty of Westphalia
28%
General who won that victoryLouis, Prince of Conde
14%
Great French victory in 1643Battle of Rocroi
10%

Score Distribution

Percentile by Number Answered

Percent of People with Each Score

Your Score History

You have not taken this quiz